Lanean...

Meat dishes /

Xehetasun bibliografikoak
Egile nagusia: Premila Lal
Formatua: Printed Book
Hizkuntza:English
Argitaratua: I B H, 1969.
Saila:Pearl library of cooking
LEADER 00453nam a2200145Ia 4500
008 150624b xxu||||| |||| 00| 0 eng d
082 |a 641.66 
100 |a Premila Lal 
245 |a Meat dishes /  |c Premila Lal 
260 |b I B H,  |c 1969. 
300 |a 124 p. 
490 |a Pearl library of cooking 
942 |c BK 
999 |c 14370  |d 14370 
952 |0 0  |1 0  |4 0  |6 641_660000000000000_PRE_M  |7 0  |9 14369  |a UL  |b UL  |c ST2  |d 1998-09-07  |l 0  |o 641.66 PRE/M  |p 21729  |r 2012-10-27  |w 2012-10-27  |y BK